00611 2200217 4500001002100000005001500021035002000036007000300056008004100059020002200100082001200122084001800134100002000152245005600172250001600228260003400244300003000278650002200308700001700330520004600347INLIS00000000000019320170913010013 a0010-0917000179ta170913 0 ind  a978-979-010-639-0 a297.273 a297.273 RIV i0 aRivai, Veithzal1 aIslamic Economics /cProf.Dr.H.Veithzal Rivai,M.B.A aEd.1, Cet.1 aJakarta :bBumi Aksara,c2009 a574 hlm :b.ilus ;c26 cm aIslamic Economics0 aAndi Buchari aEkonomi Syariah Bukan OPSI, Tetapi Solusi